| 000 | 00678nam a2200241Ia 4500 | ||
|---|---|---|---|
| 008 | |||
| 020 | _a1587160137 (hbk.) | ||
| 049 | _aMAIN | ||
| 090 |
_aREF TS1490 _bADA |
||
| 100 | 1 | _aAdanur, Sabit. | |
| 245 | 1 | 0 |
_aHandbook of weaving / _cSabit Adanur. |
| 260 |
_aBoca Roca : _bTaylor and Francis, _cc2001. |
||
| 300 |
_ax, 436 p. : _bill. ; _c27 cm. |
||
| 500 | _aIncludes index. | ||
| 504 | _aIncludes bibliographical references. | ||
| 650 | 0 | _aWeaving. | |
| 650 | 0 | _aTextile industry. | |
| 907 |
_a.b10297364 _b13-06-11 _c31-05-11 |
||
| 003 | |||
| 005 | 20230120191432.0 | ||
| 040 | _cNUST | ||
| 942 |
_cBOOKS _kREF TS1490 _mADA |
||
| 999 |
_c101089 _d101089 |
||